|
|
|
|
| LEADER |
00000nam a22000007a 4500 |
| 005 |
2019071104164.0 |
| 007 |
cr|||| |||| |
| 008 |
190711s2018 br |||||s|||| 00||0 por d |
| 020 |
|
|
|a 978-85-7789-320-1
|
| 035 |
|
|
|a 23864
|
| 040 |
|
|
|a vLex
|
| 090 |
|
|
|c 9015
|d 9015
|
| 100 |
1 |
|
|a Dirceu Barros, Francisco
|
| 245 |
1 |
0 |
|a Tratado Doutrinr̀io de Direito Penal
|h [Recurso electrn̤ico] /
|c Francisco Dirceu Barros
|
| 256 |
|
|
|a Servicio en ln̕ea
|
| 260 |
|
|
|a San Pablo:
|b JH Mizuno,
|c 2018
|
| 300 |
|
|
|a 1 recurso electrn̤ico
|
| 500 |
|
|
|a A presente obra ̌o fruto de 20 anos de intensas pesquisas e de um r̀duo trabalho cujo escopo foi contextualizar em um n︢ico volume, as melhores posiė̳s doutrinr̀ias e jurisprudenciais e fazer com que o leitor, ao ler este livro, possa ter contato direto com mais de 100 livros referentes ̉Parte Geral e Especial do Direito Penal, destarte, conheȧ o pensamento dos melhores doutrinadores nacionais e estrangeiros. Francisco Dirceu Barros Procurador Geral de Justiȧ “Alm̌ de haver feito um trabalho sřio, acompanhando o que h ̀de melhor na doutrina nacional e alieng̕ena e na jurisprudn̊cia, Dirceu procurou, por outro lado, com maestria, emprestar um cunho eminentemente prt̀ico e didt̀ico ̉obra”. “Para aqueles que, como eu, conhecem-no de perto, esse seu Direito Penal representa o despontar de novo grande jurista”. Fernando da Costa Tourinho Filho “O trabalho de comparaȯ̂ doutrinr̀ia ̌inigualv̀el. Somente a enorme capacidade sistm̊ica do autor poderia fazer com que trouxesse, em um n︢ico livro, basicamente todas as posiė̳s doutrinr̀ias sobre o tema”. Rogřio Greco “Aprofundando o pensamento com Zaffaroni, podemos assentar o pensamento de que uma teoria do delito deve ser considerada completa somente quando abrange o estudo da Parte Especial. Da ̕o valor que atribum̕os ̉obra de Francisco DirƯceu Barros”. Jos ̌Henrique Pierangeli
|
| 506 |
1 |
|
|a Disponible solo en los productos indicados
|d vLex Global
|d vLex Global (Academic Edition, excluding Law Schools)
|d vLex Global (U.S. Academic Edition, Law Schools)
|d vLex Global (U.S. Academic Edition, excluding Law Schools)
|d vLex Global (Academic Edition, Law Schools)
|
| 650 |
0 |
4 |
|a Derecho Penal
|z Brasil
|
| 650 |
0 |
4 |
|a Procedimiento Penal
|z Brasil
|
| 740 |
0 |
|
|a vLex Libros (Servicio en ln̕ea)
|
| 856 |
4 |
0 |
|u http://vlex.com/source/tratado-doutrinario-de-direito-penal-23864
|z Acceso restringido
|
| 942 |
|
|
|c BOOK
|
| 999 |
0 |
|
|a Criminal Law
|
| 999 |
0 |
|
|a Criminal Procedure
|